Social dimensions of education/ by Antonio I. Tamayao. (Record no. 21672)
| 000 -LEADER | |
|---|---|
| fixed length control field | 00399nam a22001337a 4500 |
| 020 ## - INTERNATIONAL STANDARD BOOK NUMBER | |
| ISBN | 9789712366345 |
| 082 ## - DEWEY DECIMAL CLASSIFICATION NUMBER | |
| Classification number | 370.115 |
| Item number | T153 2013 |
| 100 ## - MAIN ENTRY--AUTHOR NAME | |
| Personal name | Tamayao, Antonio I., author. |
| 245 ## - TITLE STATEMENT | |
| Title | Social dimensions of education/ by Antonio I. Tamayao. |
| 250 ## - EDITION STATEMENT | |
| Edition statement | First Edition. |
| 260 ## - PUBLICATION, DISTRIBUTION, ETC. (IMPRINT) | |
| Place of publication | Quezon City: |
| Name of publisher | Rex Pribting Publisher, Inc., |
| Year of publication | c2013. |
| 300 ## - PHYSICAL DESCRIPTION | |
| Number of Pages | 249 pages : |
| Other physical details | illustrations. |
| 942 ## - ADDED ENTRY ELEMENTS (KOHA) | |
| Koha item type | Books |
| Source of acquisition | Permanent Location | Date acquired | Koha item type | Collection code | Accession Number | Lost status | Shelving location | Withdrawn status | Current Location | Full call number |
|---|---|---|---|---|---|---|---|---|---|---|
| Donations | Cagayan State University - Carig Library | 2026-01-20 | Books | Children Section | C000458 | Children Section | Cagayan State University - Carig Library | CS 370.115 T153 2013 |